SHACKELFORD'S SURGERY OF THE ALIMENTRY TRACT 2 VOLUME SET (Record no. 21013)
[ view plain ]
| 000 -LEADER | |
|---|---|
| fixed length control field | 00377nam a22001577a 4500 |
| 003 - CONTROL NUMBER IDENTIFIER | |
| control field | SGT |
| 020 ## - INTERNATIONAL STANDARD BOOK NUMBER | |
| International Standard Book Number | 9780323402323 |
| 082 ## - DEWEY DECIMAL CLASSIFICATION NUMBER | |
| Classification number | 617.4 |
| Item number | S19Y |
| 100 ## - MAIN ENTRY--PERSONAL NAME | |
| Personal name | YEO, CHARLES |
| 245 ## - TITLE STATEMENT | |
| Title | SHACKELFORD'S SURGERY OF THE ALIMENTRY TRACT 2 VOLUME SET |
| 250 ## - EDITION STATEMENT | |
| Edition statement | 8TH |
| 260 ## - PUBLICATION, DISTRIBUTION, ETC. (IMPRINT) | |
| Place of publication, distribution, etc | PHILADELPHIA |
| Name of publisher, distributor, etc | ELSEVIER PUB |
| Year of Publication | 2019 |
| 300 ## - PAGE DESCRIPTION | |
| No. of Pages | 1060, 2193 |
| 650 ## - SUBJECT ADDED ENTRY--TOPICAL TERM | |
| Topical term or geographic name as entry element | SURGERY |
| 942 ## - ADDED ENTRY ELEMENTS (KOHA) | |
| Source of classification or shelving scheme | Dewey Decimal Classification |
| Koha item type | Books |
| Withdrawn status | Lost status | Source of classification or shelving scheme | Damaged status | Not for loan | Collection code | Home library | Current library | Shelving location | Date acquired | Vendor Name | Cost, normal purchase price | Volume Information (Serial or Books or Non-Book Material) | SGTU | Bill Number | Total Checkouts | Full call number | Accession No. (Barcode) | Date last seen | Bill Date | Koha item type |
|---|---|---|---|---|---|---|---|---|---|---|---|---|---|---|---|---|---|---|---|---|
| Dewey Decimal Classification | Not For Loan | MEDICAL | SGT Medical Library | SGT Medical Library | Reference Book | 06/04/2021 | ABC DELHI | 32511.00 | VOLUME-I | SGTU | 12725 | 617.4 S19Y | FM12454 | 06/04/2021 | 19/02/2021 | Books | ||||
| Dewey Decimal Classification | Not For Loan | MEDICAL | SGT Medical Library | SGT Medical Library | Reference Book | 06/04/2021 | ABC DELHI | 32511.00 | VOLUME-I | SGTU | 12725 | 617.4 S19Y | FM12455 | 06/04/2021 | 19/02/2021 | Books | ||||
| Dewey Decimal Classification | Not For Loan | MEDICAL | SGT Medical Library | SGT Medical Library | Reference Book | 06/04/2021 | ABC DELHI | VOLUME-II | SGTU | 12725 | 617.4 S19Y | FM12456 | 06/04/2021 | 19/02/2021 | Books | |||||
| Dewey Decimal Classification | Not For Loan | MEDICAL | SGT Medical Library | SGT Medical Library | Reference Book | 06/04/2021 | ABC DELHI | VOLUME-II | SGTU | 12725 | 617.4 S19Y | FM12457 | 06/04/2021 | 19/02/2021 | Books |